Can You Name Every Lead Character of One Tree Hill? - Statistics

General Stats
  • This quiz has been taken 74 times
  • The average score is 16 of 21
Answer Stats
Seaons Answer % Correct
1-6 Lucas Scott
98%
1-9 Nathan Scott
98%
1-6 Peyton Swayer
98%
1-9 Brooke Davis
95%
1-7, 9 Dan Scott
93%
1-9 Haley James Scott
93%
3-9 Marvin "Mouth" McFadden
88%
1-4 Karen Roe
86%
1-3 Keith Scott
86%
1-4, 6 Deb Scott
84%
4-7 Antwon "Skills" Taylor
81%
4 Rachel Gatina
77%
5-9 Jamie Scott
72%
7-9 Clay Evans
70%
7-9 Julian Baker
70%
9 Chris Keller
60%
7-9 Quinn James
60%
8-9 Chase Adams
53%
6-9 Millicent Huxtable
51%
7-8 Alex Dupré
47%
1-4 Coach Whitey Durham
47%
No matching quizzes found
Score Distribution
Percent of People with Each Score
Percentile by Number Answered
Your Score History
You have not taken this quiz